000 00497nam a2200181Ia 4500
005 20250326125751.0
008 250326s9999 xx 000 0 und d
037 _aTextbook
040 _aFMSL
_beng
_cFMSL
041 _aeng
_2eng
084 _aX:89A N7
_qFMSL
100 _aTimms H L
_9737843
245 0 _aInterducation to operations management
_cTimms H L
260 _aIllinois
_bIllinois, Irwin
_c1967
300 _a159p
942 _cTB
_hX:89A N7
999 _c1279473
_d1279473